History Quiz

Random History or Biography Quiz
Score 0/20 Timer 06:00
5 Plays Today
Biography Channel Profile 'H' Person % Correct
He is the much-beloved star of such Hollywood hits as 'Splash,' 'Big,' 'Forrest Gump,' 'Apollo 13,' 'Toy Story,' and many more.Tom Hanks
98.6%
His grand illusions and daring, spectacular escape acts made him one of the most famous magicians of all time.Harry Houdini
94.4%
He was lead guitarist of The Beatles as well as a singer-songwriter on many of their most memorable tracks.George Harrison
91.7%
His works are classics of American literature, including 'A Farewell to Arms,' 'A Moveable Feast,' and 'The Old Man and the Sea.'Ernest Hemingway
88.1%
He left Esquire magazine in 1952 to start Playboy, launching an extensive publishing, television and internet empire based on adult entertainment.Hugh Hefner
86.8%
He was an English film director known for his work in the suspense genre. He made over 60 films, nearly all commercial and critical successes.Alfred Hitchcock
86.5%
He was the creator of the Muppets, including the much-loved and familiar characters Kermit the Frog, Miss Piggy, Big Bird, and Cookie Monster. Jim Henson
83%
She was the star of 'Breakfast at Tiffany's' and remains one of Hollywood's greatest style icons and one of the world's most successful actresses.Audrey Hepburn
82.4%
He is a professional skateboarder, probably the most famous to ever be involved in the sport.Tony Hawk
80.6%
As director of the FBI, he had rabid anti-Communist and anti-subversive views and used unconventional tactics to monitor related activity.J. Edgar Hoover
75.9%
Biography Channel Profile 'H' Person % Correct
She is a disgraced figure skater who ruined her future in the sport when she was implicated with clubbing fellow competitor Nancy Kerrigan.Tonya Harding
71.4%
He became famous for his role as Luke Skywalker in the epic film 'Star Wars.'Mark Hamill
69.6%
He was a delegate to the Constitutional Convention, author of the Federalist papers, and secretary of the Treasury of the United States.Alexander Hamilton
63.7%
He starred opposite Barbara Eden on the sitcom 'I Dream of Jeannie' and played J.R. Ewing on the nighttime drama 'Dallas.'Larry Hagman
55.5%
He is best known for publishing the largest chain of American newspapers in the late 19th century, and particularly for sensational yellow journalism.William Randolph Hearst
52.1%
He is best known for singing one of the earliest rock and roll songs, 'Rock Around the Clock.'Bill Haley
49.3%
She is a model and actress, best known for her off-again, on-again relationship with Rolling Stones lead singer Mick Jagger. Jerry Hall
40.4%
He was a playwright who in 1989 became the president of Czechoslovakia, continuing on after the country became the Czech Republic until 2003.Vaclav Havel
29.9%
He is known as the father of the hardboiled detective story and created the iconic Sam Spade.Dashiell Hammett
26.6%
She was one of the most prolific costume designers in 20th century film, winning a record eight Academy Awards.Edith Head
22.5%
Remove Ads.
Support Sporcle.
Get the best of Sporcle when you Go Orange. This ad-free experience offers more features, more stats, and more fun while also helping to support Sporcle. Thank you for becoming a member.

You're not logged in!

Compare scores with friends on all Sporcle quizzes.
OR
Log In

Show Comments

Extras

Top Quizzes Today


Score Distribution

Your Account Isn't Verified!

In order to create a playlist on Sporcle, you need to verify the email address you used during registration. Go to your Sporcle Settings to finish the process.

Report this User

Report this user for behavior that violates our Community Guidelines.

Details: